000 00737nam a22002297a 4500
005 20251108173408.0
008 250721s2004 xx 000 0 ara d
020 _a9953299323
082 1 4 _a641.5/راي
100 1 _aرايت، جيني
245 1 0 _aفنون الطبخ التقنيات الكاملة لتحتضير أطباق الدجاج والطيور /
264 1 _aبيروت :
_bالدار العربية للعلوم،
_c2004.
300 _a47ص
650 1 7 _aعمليات الطبخ
650 1 7 _aشواء الفراخ
650 1 7 _aالفراريخ
650 1 7 _aالدواجن
700 1 _aتروي، إريك
710 2 _aمركز التعريب والترجمة
942 _2ddc
_cBK
999 _c102872
_d102872